000
00222nam a22000857a 4500
008
160712b xxu||||| |||| 00| 0 eng d
100
_9
2642
_a
Rajan, K
245
_a
My Fish and I
260
_a
New Delhi
_b
Children Book Trust
_c
2003
999
_c
2294
_d
2294